000 00531nam a2200181Ia 4500
001 17552
005 20260306171525.0
008 260306s9999||||xx |||||||||||||| ||und||
041 _aESP
082 _a658.022
_bU61
100 _aUniversidad Politécnica de Cartagena
_eAUT
245 0 _aAnálisis estratégico para el desarrollo de la MPYME en iberoamérica:
_bInforme MPYME Iberoamérica 2009 Faedpyme
260 _c2010
300 _a143 páginas :
_c24 cm.
650 _aGEN
654 _aCAN
942 _cLIB
_dJUS
_fJUS
_2ddc
_n
999 _c17552
_d17552